00691nam a22001817a 4500003000900000008004100009040007100050082002100121100001900142245003800161260003600199300002900235505012900264650003300393650002400426650002100450650003800471AR-CdUCM190325b ||||| |||| 00| 0 spa d aMUNICIPALIDAD PROVINCIAL DEL CUSCOcBIBLIOTECA MUNICIPAL DEL CUSCO a869.56 / bSC31R aScorza, Manuel aRedoble por Rancas : bbalada 1 / aMéxico : bExcelsior, c1973. a287 páginas ; c18 cm. aRedoble por Rancas: balada I, lo que sucedió diez antes que el coronel Marruecos fundada el segundo cementerio de Chinche. aNarrativa peruana - Siglo XX aLiteratura - Perú aAutores peruanos aNovelas peruanas contemporáneas